| 000 | 00898nam a22002177a 4500 | ||
|---|---|---|---|
| 001 | 44933 | ||
| 003 | BD-RjUL | ||
| 005 | 20211209053935.0 | ||
| 008 | 160721s1979 ii ||||| |||| 00| 0 ben d | ||
| 035 | _a(BD-RjUL)45051 | ||
| 040 |
_aBD-RjUL _bben _cBD-RjUL |
||
| 041 | _aben | ||
| 082 |
_223 _a160 _bSEP 1979 |
||
| 100 |
_aসেনগুপ্ত, প্রমোদবন্ধু _9117506 |
||
| 245 | 1 | 0 |
_aপাশ্চাত্য যুক্তিবিজ্ঞান / _cপ্রমোদবন্ধু সেনগুপ্ |
| 260 |
_aকলিকাতা : _bব্যানার্জী পাবলিশার্স, _c১৯৭৯ |
||
| 300 |
_axi, বিভিন্ন পৃ. _bচিত্র _c২১ সেমি. |
||
| 650 |
_aপাশ্চাত্য যুক্তিবিজ্ঞান _9137714 |
||
| 650 |
_aWestern logic _9137715 |
||
| 942 |
_2ddc _cBK |
||
| 999 |
_c44933 _d44933 |
||